Poemas de Pedro Rodríguez Zertuche /

Gardado en:
Detalles Bibliográficos
Autor Principal: Rodríguez Zertuche, Pedro (autor)
Formato: Libro
Idioma:Lingua castelá
Publicado: San Luis Potosí, México : Gobierno del Estado de San Luis Potosí, Instituto Potosino de Bellas Artes, 1961
Etiquetas: Engadir etiqueta
Sen Etiquetas, Sexa o primeiro en etiquetar este rexistro!

MARC

LEADER 00000nam^a2200000^a^4500
001 000619415
005 20250825000000.0
009 20260310133818.622
037 |a Acervo ITESO - Biblioteca 
041 |a ESP 
091 |a FOB. 01034 
100 |a Rodríguez Zertuche, Pedro  |e (autor) 
245 1 0 |a Poemas de Pedro Rodríguez Zertuche / 
264 1 |a San Luis Potosí, México :  |b Gobierno del Estado de San Luis Potosí, Instituto Potosino de Bellas Artes,  |c 1961 
300 |a 22 p. 
336 |a texto  |b txt  |2 rdacontenido 
337 |a sin mediación  |b n  |2 rdamedio 
338 |a volumen  |b nc  |2 rdasoporte 
649 |a XX 
910 |a Fondo Carlos de Obeso Orendain 
920 |a Impresos - Libros 
930 |a Fondos Especiales 
940 |a Literatura 
905 |a 147 
901 |a 619467-10  |b IT2  |c ESP  |i D84400  |u 20250825 
902 |a https://opac.biblio.iteso.mx/vufind/Record/000619415